00588nam a2200169 a 450000100100000000500170001000800410002702000180006804000250008608200210011110000260013224500580015826000750021630000210029150400730031250400330038500004319620201002040720.0140224s2012 cu 000 0 spa d a9789592711853 aDO-SdBNPbspacBNPHU axxxxxxxbxxxxxxx1 aÁlvarez Cruz, Laura10aDe la historia de las letras /cLaura Álvarez Cruz. aLa Habana, :bCentro de estudios martianosbEdiciones boloña,c2012. a187 p. ;c21 cm. aIncluye referencias bibliográficas y notas al pie de las páginas aBibliografías : p. 183-187